| 000 | 00742nam a2200217 a 4500 | ||
|---|---|---|---|
| 001 | 000020953 | ||
| 005 | 20240412074250.0 | ||
| 008 | 100824s2003 dr 000 j spa d | ||
| 020 | _a999345818X | ||
| 040 |
_aDO-SdBNP _bspa _cBNPHU |
||
| 082 |
_aRD863.44 _bA452d |
||
| 100 | 1 |
_aAlmonte, Ana, _d1969- _943885 |
|
| 245 | 1 | 0 |
_aDos caras y otros cuentos / _cAna Almonte. |
| 260 |
_aSanto Domingo : _bCentenario, _c2003. |
||
| 300 |
_a89 p. ; _c23 cm. |
||
| 500 | _aIncluye datos biográficos de la autora en la solapa de la cubierta. | ||
| 505 | 0 | _aEl gallo -- Páginas de un diario -- Cristiano -- Dos caras -- Encuentro en Remos -- Edelmira. | |
| 650 | 0 |
_aCuentos dominicanos _9176 |
|
| 650 | 0 |
_aLiteratura dominicana. _967 |
|
| 049 | _aBNPD | ||
| 999 |
_c20456 _d20456 |
||